000 00856nas a2200277 4500
001 BR2014001278
003 BR-BrBNA
005 20231205123758.0
007 ta
008 230509b bl.|||p| |||| 00| 00por d
040 _aBR-BrBNA
_bpor
_cBiblioteca Nacional de Agricultura
041 _a(Pt)
072 _aF61
100 1 _aFernandes, A.R.
100 1 _aMatos, G.S.B. de
100 1 _aCarvalho, J.G. de
245 1 _aDeficiências nutricionais de macronutrientes e sódio em mudas de pupunheira
650 _aPUPUNHA
650 _aMACRONUTRIENTE
650 _aDEFICIÊNCIA NUTRICIONAL
650 _aMATÉRIA SECA
650 _aVALOR NUTRITIVO
773 0 _tRevista Brasileira de Fruticultura (Brazil)
_xISSN 0100-2945
_g(Dec 2013), v. 35(4) p. 1178-1189
_wBR2014001278
909 _a202311
_bLúcia
_c55
_dLúcia Elande
942 _2AGRIS
_n0
_cANA
999 _c235669
_d235669